[Event "Gurgaon op 2nd"]
[Site "Gurgaon"]
[Date "2014.01.01"]
[Round "1"]
[White "Devothama, G."]
[Black "Evdokimov, Alexander A"]
[Result "0-1"]
[WhiteElo "1795"]
[BlackElo "2558"]
[PlyCount "82"]
[EventDate "2014.01.01"]
[EventType "swiss"]
[EventRounds "10"]
[EventCountry "IND"]
[SourceTitle "CBM 158 Extra"]
[Source "ChessBase"]
[SourceDate "2014.02.28"]
[SourceVersion "1"]
[SourceVersionDate "2014.02.28"]
[SourceQuality "1"]

1. e4 c5 2. Nf3 e6 3. d4 cxd4 4. Nxd4 a6 5. Be3 Nf6 6. e5 Qa5+ 7. Nd2 Qxe5 8. Nc4 Qc7 9. Nb3 Nd5 10. Bd2 b5 11. Ba5 Qa7 12. Ne5 Bd6 13. c4 Bxe5 14. cxd5 0-0 15. Be2 Bb7 16. Bb4 d6 17. dxe6 fxe6 18. 0-0 Bd5 19. Bd3 Nc6 20. Bd2 Qb7 21. f4 Bf6 22. Qc2 h6 23. Bh7+ Kh8 24. Be4 Nb4 25. Bxd5 Qa7+ 26. Be3 Qxe3+ 27. Qf2 Nxd5 28. Qxe3 Nxe3 29. Rf2 Nc4 30. Re1 e5 31. f5 a5 32. Nc1 d5 33. b3 Nd6 34. Rd2 d4 35. Nd3 Rae8 36. Nc5 Bg5 37. Rd3 Rxf5 38. g3 Be3+ 39. Kg2 e4 40. Rdxe3 dxe3 41. Rxe3 Rxc5 0-1